000 00637nam a22001937a 4500
005 20220627113628.0
008 220627b ||||| |||| 00| 0 eng d
040 _cAL
041 _aEnglish
082 _223
_a951.9515
_bTIBB
100 _aTibetan Centre for Human Rights and Democracy
_945373
245 _aBehind Bars: Prison Conditions in Tibet
260 _aNew Delhi
_bTibetan Centre for Human Rights and Democracy
300 _aii,111 p.
_bPB
_c28x21 cm.
650 _aPrisons
_945374
650 _a China--Tibet Autonomous Region
_945375
700 _aTIBETAN CENTRE FOR HUMAN RIGHTS AND DEMOCRACY
_945376
942 _2ddc
_cGF
999 _c223494
_d223494